Akhilabhārata kavayitrulu. (Record no. 86538)

MARC details
000 -LEADER
fixed length control field 00612cam a22002411 4500
001 - CONTROL NUMBER
control field sa 68015585
003 - CONTROL NUMBER IDENTIFIER
control field DLC
005 - DATE AND TIME OF LATEST TRANSACTION
control field 20260227112644.0
008 - FIXED-LENGTH DATA ELEMENTS--GENERAL INFORMATION
fixed length control field 900130s1965 ii b 000 0 telo
010 ## - LIBRARY OF CONGRESS CONTROL NUMBER
LC control number sa 68015585
035 ## - SYSTEM CONTROL NUMBER
System control number (OCoLC)20974762
040 ## - CATALOGING SOURCE
Original cataloging agency DLC
Transcribing agency WaU
Modifying agency DLC
042 ## - AUTHENTICATION CODE
Authentication code premarc
050 00 - LIBRARY OF CONGRESS CALL NUMBER
Classification number PK2916
Item number .L27
100 1# - MAIN ENTRY--PERSONAL NAME
Personal name Lakshmikanthamma, Utukuri,
Dates associated with a name 1917-
245 10 - TITLE STATEMENT
Title Akhilabhārata kavayitrulu.
260 ## - PUBLICATION, DISTRIBUTION, ETC.
Date of publication, distribution, etc. [1965]
300 ## - PHYSICAL DESCRIPTION
Extent xviii, 468, viii p.
Dimensions 22 cm.
500 ## - GENERAL NOTE
General note In Telugu.
504 ## - BIBLIOGRAPHY, ETC. NOTE
Bibliography, etc. note Bibliographical footnotes.
650 #0 - SUBJECT ADDED ENTRY--TOPICAL TERM
Topical term or geographic name entry element Indic poetry.
650 #0 - SUBJECT ADDED ENTRY--TOPICAL TERM
Topical term or geographic name entry element Women poets.

No items available.

Powered by Koha